| 000 | 00474nam a2200133Ia 4500 | ||
|---|---|---|---|
| 008 | 250506s9999 xx 000 0 und d | ||
| 024 | _a01B11-BCS3Y, 01B-13-BCS3Y, 00B-47-BCS3Y & 00B-05-BCS3Y | ||
| 082 | _a658.1072 ARS | ||
| 100 | _aArsalan Rashid, Salman Ali rana, Syed Samiuddin Ahmad & Hassan Bin Junaid | ||
| 245 | 0 | _aMENSA Management Information System | |
| 260 |
_aKarachi: _bUIT, _c2001 |
||
| 600 | _aComputer Science | ||
| 650 | _aBachelor of Computer Science (BS) | ||
| 999 |
_c28512 _d28512 |
||